[Event "Rustavi 10"]
[Site "Rustavi"]
[Date "2014.10.28"]
[Round "9"]
[White "Manashvili, Aleko"]
[Black "Mammadov, Zaur Fazahir Oglu"]
[Result "0-1"]
[WhiteElo "2211"]
[BlackElo "2482"]
[PlyCount "100"]
[EventDate "2014.10.20"]
[EventType "tourn"]
[EventRounds "9"]
[EventCountry "GEO"]
[EventCategory "8"]
[SourceTitle "EXT 2016"]
[Source "ChessBase"]
[SourceDate "2015.10.08"]
[SourceVersion "1"]
[SourceVersionDate "2015.10.08"]
[SourceQuality "1"]

1. e4 e6 2. d4 d5 3. Nd2 Nf6 4. e5 Nfd7 5. Bd3 c5 6. c3 b6 7. Qe2 cxd4 8. cxd4 Nc6 9. Ngf3 Nb4 10. 0-0 Nxd3 11. Qxd3 a5 12. Re1 Ba6 13. Qe3 Rc8 14. Nb1 Be7 15. Nc3 0-0 16. Bd2 b5 17. a3 Nb6 18. b3 a4 19. Na2 Qd7 20. Nb4 Bb7 21. Rac1 Rxc1 22. Rxc1 axb3 23. Qxb3 Nc4 24. Be1 Ra8 25. Ra1 h6 26. h3 Bc6 27. Nc2 Qa7 28. Bb4 Bd8 29. Nfe1 Bb6 30. Qc3 Be8 31. Nd3 Rc8 32. Bc5 Qa5 33. Ncb4 Bd8 34. g3 Qc7 35. Kg2 f6 36. exf6 Bxf6 37. Qe1 e5 38. dxe5 Nxe5 39. Nxe5 Qxe5 40. Qxe5 Bxe5 41. Re1 Bb2 42. Nd3 Bg6 43. Nxb2 Rxc5 44. Re3 d4 45. Rb3 Bc2 46. Rb4 d3 47. Rd4 Rc3 48. a4 Rb3 49. Nxd3 Bxd3 50. axb5 Bxb5 0-1

[Event "Tbilisi Municipality Cup"]
[Site "Tbilisi"]
[Date "2009.06.23"]
[Round "9"]
[White "Javakhishvili, Lela"]
[Black "Manashvili, Aleko"]
[Result "1-0"]
[WhiteElo "2463"]
[BlackElo "2184"]
[PlyCount "133"]
[EventDate "2009.06.15"]
[EventType "swiss"]
[EventRounds "9"]
[EventCountry "GEO"]
[SourceTitle "CBM 130 Extra"]
[Source "ChessBase"]
[SourceDate "2009.07.02"]
[SourceVersion "2"]
[SourceVersionDate "2009.07.15"]
[SourceQuality "1"]

1. Nf3 Nf6 2. c4 e6 3. g3 d5 4. Bg2 c6 5. b3 Nbd7 6. Bb2 Bd6 7. 0-0 0-0 8. d3 Qe7 9. a3 Re8 10. Nc3 e5 11. cxd5 Nxd5 12. Ne4 Bc7 13. Ned2 Nf8 14. Qc2 f6 15. Rac1 Be6 16. Rfe1 Rad8 17. b4 a6 18. Nb3 Bc8 19. e4 Nb6 20. d4 exd4 21. Nfxd4 Ne6 22. f4 Nxd4 23. Bxd4 Nd7 24. Qf2 Qf7 25. Rc3 Nf8 26. Be3 Kh8 27. h3 Ne6 28. Kh2 Nf8 29. Qf3 Ne6 30. Bf1 Qe7 31. Bg2 Qf7 32. Rec1 Qe7 33. Qh5 Kg8 34. Na5 Qf7 35. Qe2 Qe7 36. Qf2 Kh8 37. Nc4 Qf7 38. Nb6 Qe7 39. h4 Nf8 40. Nd5 cxd5 41. Rxc7 Nd7 42. Bc5 Qf7 43. exd5 Qh5 44. Qf3 Qg6 45. Be7 Rxe7 46. Rxc8 Ree8 47. Rxd8 Rxd8 48. Rc7 f5 49. Qc3 Nf6 50. Rc8 Ng4+ 51. Kh1 Qd6 52. Qc5 Qf6 53. Rxd8+ Qxd8 54. d6 Qe8 55. d7 Qe1+ 56. Qg1 Nf2+ 57. Kh2 Ng4+ 58. Kh3 Qd2 59. Qc5 h5 60. Qf8+ Kh7 61. Qxf5+ g6 62. Qf7+ Kh6 63. Qf8+ Kh7 64. Qe7+ Kh6 65. d8Q Nf2+ 66. Kh2 Ng4+ 67. Kg1 1-0